| 000 | 00398nam a2200169Ia 4500 | ||
|---|---|---|---|
| 008 | 221030s9999 xx 000 0 und d | ||
| 020 | _a8120310411 | ||
| 041 | _aEnglish | ||
| 082 |
_a105.23 _bBla |
||
| 100 | _aU. Black | ||
| 245 | 0 | _aComputer Networks Protocols, Standards & Interfaces | |
| 250 | _a2nd | ||
| 260 |
_bPHI _aNew Delhi _c2002 |
||
| 300 | _a436 | ||
| 650 | _aComputers | ||
| 942 | _cBK | ||
| 999 |
_c115 _d115 |
||